Normal view
MARC view
- الحازمي ؛ ابن شدقم ؛ تقديم وتحقيق وتعليق: محمد زينهم، محمد عزت، عائشة التهامي، مديحة الشرقاوي
Entry Personal Name
001 - CONTROL NUMBER
- control field: 17687
003 - CONTROL NUMBER IDENTIFIER
- control field: JO-AjAnu
005 - DATE AND TIME OF LATEST TRANSACTION
- control field: 20230606073123.0
008 - FIXED-LENGTH DATA ELEMENTS
- fixed length control field: 230606|| aca||aabn | a|a d
040 ## - CATALOGING SOURCE
- Original cataloging agency: JO-AjAnu
- Transcribing agency: JO-AjAnu
100 ## - HEADING--PERSONAL NAME
- Personal name: الحازمي ؛ ابن شدقم ؛ تقديم وتحقيق وتعليق: محمد زينهم، محمد عزت، عائشة التهامي، مديحة الشرقاوي
670 ## - SOURCE DATA FOUND
- Source citation: Work cat.: (JO-AjAnu)9086: الحازمي ؛ ابن شدقم ؛ تقديم وتحقيق وتعليق: محمد زينهم، محمد عزت، عائشة التهامي، مديحة الشرقاوي, author, عجالة المبتدئ وفضالة المنتهى في النسب يليه نخبة الزهرة الثمينة في نسب أشراف المدينة